| 000 | 00494pab a2200181 454500 | ||
|---|---|---|---|
| 008 | 180718b2001 xxu||||| |||| 00| 0 eng d | ||
| 100 | _aFurtado, Xavier | ||
| 245 | _aDecentralization and public health in the Philippines | ||
| 260 | _c2001 | ||
| 300 | _ap.108-16 | ||
| 362 | _aMar | ||
| 650 | _aPublic health - Philippines | ||
| 650 | _aDecentralization - Philippines | ||
| 650 | _aHealth services - Philippines | ||
| 650 | _aHealth services | ||
| 773 | _aDevelopment | ||
| 909 | _a48466 | ||
| 999 |
_c48466 _d48466 |
||